JOURNAL OF BIOCHEMISTRY (Record no. 10718)

MARC details
000 -LEADER
fixed length control field 00367nam a2200133Ia 4500
022 ## - INTERNATIONAL STANDARD SERIAL NUMBER
ISSN 0021-924X
245 #0 - TITLE STATEMENT
Title JOURNAL OF BIOCHEMISTRY
260 ## - PUBLICATION, DISTRIBUTION, ETC. (IMPRINT)
Name of publisher Japanese Biochemical Society, Tokyo
Place of publication Japan
310 ## - CURRENT PUBLICATION FREQUENCY
Current publication frequency M
500 ## - GENERAL NOTE
General note Ending Volume & Year: 108, 1990
500 ## - GENERAL NOTE
General note Starting Volume & Year: 83, 1978
942 ## - ADDED ENTRY ELEMENTS (KOHA)
Koha item type Bound Journal
Holdings
Withdrawn status Lost status Damaged status Not for loan Home library Current library Date acquired Accession Number Koha item type
      Bound journals RRII Library RRII Library 31/12/2021 10639J Bound Journal